Una canción en la madrugada

Đã lưu trong:
Chi tiết về thư mục
Tác giả chính: Duncan, Quince (Tác giả)
Định dạng: Sách
Ngôn ngữ:Tiếng Tây Ban Nha
Được phát hành: San José Costa Rica 1981
Phiên bản:3a. ed
Những chủ đề:
Các nhãn: Thêm thẻ
Không có thẻ, Là người đầu tiên thẻ bản ghi này!

MARC

LEADER 00000nam a2200000 a 4500
001 UCT6571
003 CL-VaPUC
008 970113e19810000CR |||||||||||||||||spa|d
082 0 4 |a Cr863  |b DUN  |2 21 
100 0 |a Duncan, Quince  |e author  |9 376817 
245 1 4 |a Una canción en la madrugada 
250 |a 3a. ed 
300 |a 81 p 
942 |c BK 
945 |d 19970113 00:00:00  |a rleighto 
260 |a San José  |b Costa Rica  |c 1981 
650 0 |a Cuentos costarricenses  |9 352064 
583 |a last modification  |c 19970113 00:00:00  |k Rodrigo Vera 
999 |c 255259  |d 255257 
952 |0 0  |1 0  |4 0  |6 CR_863_000000000000000_DUN_1981  |7 0  |8 A  |9 277437  |a BIBEDU  |b BIBEDU  |d 2019-11-19  |i 3266540  |o Cr863 DUN 1981  |p 3266540  |r 2019-11-19  |w 2019-11-19  |y BK  |k LIT